Teória a prax hospodárskej politiky

Saved in:
Bibliographic Details
Main Author: Vincúr, Pavol
Corporate Author: Ekonomická univerzita v Bratislave
Other Authors: Blašková, Mária, Fifeková, Elena, Choluj, Vladimír, Kosorín, František, Lukáčik, Ján, Morvay, Karol, 1973-, Tokárová, Mária
Format: Book
Language:Slovak
Published: Bratislava Sprint 2007
Edition:3. vyd.
Subjects:
Tags: Add Tag
No Tags, Be the first to tag this record!

MARC

LEADER 00000nam$a2200000$$$4500
001 0054541
005 20240502071628.3
020 |a 978-80-89085-80-4 
041 0 |a slo 
044 |a SK 
245 1 0 |a Teória a prax hospodárskej politiky  |c Pavol Vincúr a kolektív 
250 |a 3. vyd. 
264 1 |a Bratislava  |b Sprint  |c 2007 
300 |a 432 s. 
610 2 0 |a politika hospodárska 
610 2 0 |a globalizácia hospodárstva 
610 2 0 |a integrácia ekonomická 
610 2 0 |a súťaž hospodárska 
610 2 0 |a stabilizácia hospodárstva 
610 2 0 |a konkurencieschopnosť 
610 2 0 |a politika dôchodková 
610 2 0 |a politika ekologická 
610 2 0 |a politika hospodárska medzinárodná 
610 2 0 |a Európska únia 
610 2 0 |a Slovensko 
610 2 0 |a Lisabonská stratégia 
100 1 |a Vincúr, Pavol 
700 1 |a Blašková, Mária 
700 1 |a Fifeková, Elena 
700 1 |a Choluj, Vladimír 
700 1 |a Kosorín, František 
700 1 |a Lukáčik, Ján 
700 1 |a Morvay, Karol, 1973- 
700 1 |a Tokárová, Mária 
710 2 |a Ekonomická univerzita v Bratislave